00579nam a22001697a 450000500170000001000150001702000300003203500140006203700090007608200130008510000200009824500780011826000570019627001190025330000200037270000170039220211229151705.0 aENG-130753 a978-93-887-544-84c599.00 aEN-114285 bDBAD a355.0092 aRastogi, Naresh aThe Bugle Calls:cNaresh Rastogi, Kiran DoshibA life in the Indian Army/ aChennaibWestland Publications Private Limitedc2019 a1st Floor, A Block, East Wing, Plot No. 40, SP Info City, Dr. MGR Salai, Perungudi, KandanchavadibChennaie600096 a272pc21cm(pbk) aDoshi, Kiran